000
00297nam a2200121Ia 4500
008
240624s9999 xx 000 0 und d
041
_a
eng
082
_a
006.76 GER
100
_a
GERAKINES NICK
245
_a
FACEBOOK APPLICATION DEVELOPMENT
260
_c
2008
_a
Indianapolis
_b
Wrox
365
_c
_b
27
999
_c
15804
_d
15804